| 000 | 00416cam a2200169ua 4500 | ||
|---|---|---|---|
| 020 | _c$1.50 | ||
| 041 |
_aeng _h |
||
| 082 |
_a973 _bSME/AM |
||
| 100 | _aSmelser, Marshall. | ||
| 245 |
_aAmerican history at a glance / _cMarshall Smelser. _hTextual Documents |
||
| 260 |
_aNew York : _bBarnes & Noble , _c1961. |
||
| 300 | _a278 ; . | ||
| 365 | _a$1.50 | ||
| 504 | _a | ||
| 942 | _cBK | ||
| 999 |
_c5364 _d5364 |
||